| 000 | 01140cad a22002535a 4500 | ||
|---|---|---|---|
| 001 | E148791 | ||
| 008 | 091111e20091106xxkd f s 000 0 eng d | ||
| 035 | _a(Sirsi) u148791 | ||
| 041 | 0 | _aeng | |
| 050 | 0 | 4 | _a333.33 $2 18 |
| 110 | 2 |
_aRoyal Institution of Chartered Surveyors _bEconomics _95033 |
|
| 245 | 0 | 0 |
_aRICS global real estate weekly _b6 November 2009 _h[electronic resource] |
| 260 |
_aLondon _bRICS _c2009 |
||
| 490 | 0 |
_aRICS Global Real Estate Weekly _v6 November 2009 |
|
| 520 | _aSuggests that the German construction sector is still under presssure, and that the Canadian housing market recovery is still continuing. Also discusses the Chinese property market and predicts that Korean interest rates will be on hold for a while longer. | ||
| 521 | _aAdvanced | ||
| 590 | _aKA | ||
| 650 | 2 | 4 | _aRICS GLOBAL REAL ESTATE WEEKLY |
| 651 | 4 | _aInternational | |
| 690 | _aBUILT ENVIRONMENT-CONSTRUCTION MARKET | ||
| 690 | _aPROPERTY-COMMERCIAL PROPERTY-COMMERCIAL PROPERTY MARKET | ||
| 856 | 4 | 0 |
_uhttps://www.rics.org/site/scripts/downloads.aspx?categoryID=419 _zView the report free of charge at www.rics.org... |
| 942 | _n0 | ||
| 999 |
_c110223 _d110223 |
||